00399nam a2200133Ia 4500100002100000942000700021654001300028245007000041260003200111300000800143546001200151999001700163952008500180 aBurrus/Sidney C  cBK acomputer aComputerbased Excercises for Signal Processing Using MATLAB bPrentice HallaNONEc1994 a404 aENGLISH c25606d25606 001040708CRCaCRCEbCRCEd2023-03-17l0o p10429r2023-03-17w2023-03-17yBK